Mnoho spaloven - podnikatelova smrt Nejmodernější zařízení na likvidaci nebezpečných zbytků je v Plzni, ale...
Spaľovne nebezpečného odpadu. Fungovanie a skúsenosti súkromných firiem na likvidáciu zdravotníckeho materiálu v Plzni.
Enregistré dans:
| Auteur principal: | |
|---|---|
| Format: | Chapitre de livre |
| Langue: | tchèque |
| Sujets: | |
| Tags: |
Pas de tags, Soyez le premier à ajouter un tag!
|
MARC
| LEADER | 00000naa a2200000 4500 | ||
|---|---|---|---|
| 001 | r000064 | ||
| 005 | 20221213090245.0 | ||
| 041 | 0 | |a cze | |
| 044 | |a SK | ||
| 245 | 1 | 0 | |a Mnoho spaloven - podnikatelova smrt |b Nejmodernější zařízení na likvidaci nebezpečných zbytků je v Plzni, ale... |c P. Hrabica |
| 520 | |a Spaľovne nebezpečného odpadu. Fungovanie a skúsenosti súkromných firiem na likvidáciu zdravotníckeho materiálu v Plzni. | ||
| 610 | 2 | 0 | |a likvidácia odpadu |
| 610 | 2 | 0 | |a zdravotníctvo |
| 610 | 2 | 0 | |a ochrana prostredia životného |
| 610 | 2 | 0 | |a Plzeň |
| 610 | 2 | 0 | |a Česko |
| 100 | 1 | |a Hrabica, P. | |